000
00326nam a22001337a 4500
008
230619b xxu||||| |||| 00| 0 eng d
020
_a
0333307143
082
_a
305.42
_b
RAN
100
_c
Vicky Randall
245
_a
Women and politics
260
_a
London
_b
The macmillan press ltd
_c
1982
300
_a
227p
942
_2
ddc
_c
BK
999
_c
1398
_d
1398